Normal view
MARC view
- القانون الجنائي - قانون العقوبات - المسؤولية الجنائية
Entry Topical Term
001 - CONTROL NUMBER
- control field: 47053
003 - CONTROL NUMBER IDENTIFIER
- control field: JO-AjAnu
005 - DATE AND TIME OF LATEST TRANSACTION
- control field: 20230606081754.0
008 - FIXED-LENGTH DATA ELEMENTS
- fixed length control field: 230606|| aca||aabn | a|a d
040 ## - CATALOGING SOURCE
- Original cataloging agency: JO-AjAnu
- Transcribing agency: JO-AjAnu
150 ## - HEADING--TOPICAL TERM
- Topical term or geographic name entry element: القانون الجنائي - قانون العقوبات - المسؤولية الجنائية
670 ## - SOURCE DATA FOUND
- Source citation: Work cat.: (JO-AjAnu)24081: السعيد، كامل , author 47052, شرح الأحكام العامة في قانون العقوبات " دراسة مقارنة "